|
|
|
|
| LEADER |
00000nas a2200000 a 4500 |
| 001 |
ssj0025773 |
| 003 |
WaSeSS |
| 005 |
20200512172242.0 |
| 006 |
m d |
| 007 |
cr n |
| 008 |
031208c20039999enk x pss 0 0eng c |
| 010 |
|
|
|a 2004243040
|
| 015 |
|
|
|a GBB0B5805
|2 bnb
|
| 015 |
|
|
|a 17,O11
|2 dnb
|
| 016 |
7 |
|
|a 025536524
|2 DE-101
|
| 016 |
7 |
|
|a 2133020-7
|2 DE-600
|
| 016 |
7 |
|
|a 101190720
|2 DNLM
|
| 016 |
7 |
|
|a 012903367
|2 Uk
|
| 022 |
|
|
|a 1741-7007
|l 1741-7007
|
| 024 |
8 |
|
|a pq68271
|
| 035 |
|
|
|a (WaSeSS)ssj0025773
|
| 040 |
|
|
|a OUN
|b eng
|c OUN
|d COU
|d NLM
|d CUS
|d OCLCQ
|d AGL
|d OCLCQ
|d OCL
|d OCLCQ
|d PFM
|d HEBIS
|d CUS
|d UKMGB
|d OCLCQ
|d OCLCO
|d OCLCF
|d OCLCO
|d EUW
|d OCLCO
|d OCLCQ
|d OCLCO
|d OCLCQ
|d CASUM
|d OCLCO
|d OCLCA
|d WT2
|d GWDNB
|d NLE
|d OCLCA
|d OCLCQ
|d AU@
|d OCLCA
|d DLC
|d OCLCQ
|d WaSeSS
|
| 042 |
|
|
|a pcc
|
| 050 |
0 |
0 |
|a QH301
|
| 060 |
1 |
0 |
|a W1
|
| 070 |
0 |
|
|a QH1
|b .B565
|
| 072 |
|
0 |
|a X300
|
| 210 |
1 |
0 |
|a BMC Biol
|2 dnlm
|
| 245 |
0 |
0 |
|a BMC biology
|h [electronic resource].
|
| 246 |
3 |
0 |
|a Biology
|
| 260 |
|
|
|a [London] :
|b BioMed Central,
|c ©2003-
|
| 362 |
0 |
|
|a Vol. 1 (2003)-
|
| 500 |
|
|
|a Title from BioMed Central archive p. (viewed Jan. 20, 2004).
|
| 506 |
|
|
|a License restrictions may limit access.
|
| 515 |
|
|
|a Articles added consecutively to current annual v.
|
| 538 |
|
|
|a Mode of access: World Wide Web.
|
| 588 |
1 |
|
|a Vol. 17, issue 1 (Dec. 2019); (SpringerLink website, viewed Feb. 21, 2019).
|
| 650 |
|
0 |
|a Biology
|v Periodicals.
|
| 650 |
|
0 |
|a Medical sciences
|v Periodicals.
|
| 650 |
1 |
2 |
|a Biology.
|
| 650 |
2 |
2 |
|a Biomedical Research.
|
| 650 |
|
7 |
|a Biology.
|2 fast
|0 (OCoLC)fst00832383
|
| 650 |
|
7 |
|a Medical sciences.
|2 fast
|0 (OCoLC)fst01014601
|
| 655 |
|
0 |
|a Electronic journals.
|
| 710 |
2 |
|
|a BioMed Central Ltd.
|
| 780 |
0 |
5 |
|t Journal of biology (London, England : Online)
|g 2010
|x 1475-4924
|w (DLC) 2002220242
|w (OCoLC)50043969
|
| 850 |
|
|
|a DLC
|
| 856 |
4 |
0 |
|z Full text available from Research Library: 01/01/2009 to present
|u https://search.proquest.com/publication/42637
|